Профессиональный иностранный язык (английский). Часть 1 (09.03.01, 15.03.04) / ДО 2017: электронный курс

Detalles Bibliográficos
Autor Principal: Зеремская Ю. А. Юлия Александровна
Autor Corporativo: Национальный исследовательский Томский политехнический университет Школа базовой инженерной подготовки Отделение иностранных языков
Summary:Заглавие с экрана
Курс "Профессиональный иностранный язык (английский). Часть 1" разработан для бакалавров и специалистов, обучающихся на 3 курсе пятого семестра по направлениям подготовки 09.03.01, 15.03.04. Основной целью данного курса является совершенствование иноязычной коммуникативной компетенции студентов, необходимой для осуществления профессиональной деятельности и позволяющей им использовать иностранный язык в профессиональной сфере. Курс "Профессиональный иностранный язык (английский). Часть 1» представляет собой целый комплекс различных аутентичных текстовых и грамматических материалов по английскому языку, разбитых на два основных лексических блока: "Information technology", "Computer essentials" и на грамматический блок "Passive voice". Такая структура курса позволяет совершенствовать навыки устной и письменной речи.
Доступ по логину и паролю
Idioma:ruso
Publicado: Томск, TPU Moodle, 2019
Subjects:
Acceso en liña:https://design.lms.tpu.ru/course/view.php?id=3351
Formato: MixedMaterials Electrónico Libro
KOHA link:https://koha.lib.tpu.ru/cgi-bin/koha/opac-detail.pl?biblionumber=666817

MARC

LEADER 00000nlm0a2200000 4500
001 666817
005 20231225111932.0
035 |a (RuTPU)RU\TPU\network\38021 
035 |a RU\TPU\network\38019 
090 |a 666817 
100 |a 20220128d2019 m y0rusy50 ca 
101 0 |a rus 
102 |a RU 
105 |a a j 000zy 
135 |a jrcn ---uucaa 
181 0 |a i  
182 0 |a b 
200 1 |a Профессиональный иностранный язык (английский). Часть 1 (09.03.01, 15.03.04) / ДО 2017  |e электронный курс  |f Ю. А. Зеремская  |g Национальный исследовательский Томский политехнический университет, Школа базовой инженерной подготовки, Отделение иностранных языков 
203 |a Текст  |c электронный 
210 |a Томск  |c TPU Moodle  |d 2019 
300 |a Заглавие с экрана 
330 |a Курс "Профессиональный иностранный язык (английский). Часть 1" разработан для бакалавров и специалистов, обучающихся на 3 курсе пятого семестра по направлениям подготовки 09.03.01, 15.03.04. Основной целью данного курса является совершенствование иноязычной коммуникативной компетенции студентов, необходимой для осуществления профессиональной деятельности и позволяющей им использовать иностранный язык в профессиональной сфере. Курс "Профессиональный иностранный язык (английский). Часть 1» представляет собой целый комплекс различных аутентичных текстовых и грамматических материалов по английскому языку, разбитых на два основных лексических блока: "Information technology", "Computer essentials" и на грамматический блок "Passive voice". Такая структура курса позволяет совершенствовать навыки устной и письменной речи. 
333 |a Доступ по логину и паролю 
606 1 |a Английский язык  |x Учебные руководства и пособия  |x Учебные руководства и пособия для высшей школы  |2 stltpush  |3 (RuTPU)RU\TPU\subj\29071  |9 52483 
610 1 |a электронный ресурс 
610 1 |a труды учёных ТПУ 
610 1 |a электронные учебные пособия 
610 1 |a учебные пособия 
610 1 |a Moodle 
610 1 |a e-learning 
610 1 |a иноязычные коммуникации 
610 1 |a коммуникативные компетенции 
610 1 |a иностранный язык 
610 1 |a профессиональная среда 
610 1 |a аутентичные материалы 
610 1 |a текстовые материалы 
610 1 |a грамматические навыки 
610 1 |a устная речь 
610 1 |a письменная речь 
686 |a Ш143.21-923  |2 rubbk 
700 1 |a Зеремская  |b Ю. А.  |c лингвист  |c доцент Томского политехнического университета, кандидат филологических наук  |f 1980-  |g Юлия Александровна  |3 (RuTPU)RU\TPU\pers\31962  |9 16022 
712 0 2 |a Национальный исследовательский Томский политехнический университет  |b Школа базовой инженерной подготовки  |b Отделение иностранных языков  |3 (RuTPU)RU\TPU\col\23510 
801 2 |a RU  |b 63413507  |c 20220128  |g RCR 
856 4 |u https://design.lms.tpu.ru/course/view.php?id=3351 
942 |c CF